000 00421nam a22001697a 4500
005 20160624100550.0
008 160624b xxu||||| |||| 00| 0 eng d
020 _a978-0-521-00268-4
041 _aeng
082 _b9681
100 _aNaylor, Helen and Murphy Raymond
_92593
245 _aEssential English Grammer
260 _bcombridge Uni. Press
_c2009
300 _a106
650 _aManagement
_9241
942 _cBK
999 _c3759
_d3758